Federal Trade Commission documents and publications

Detalles Bibliográficos
Formato: Electrónico Periódico
Lenguaje:inglés
Publicado: Greenbelt, Maryland : Federal Information & News Dispatch
Materias:
Acceso en línea:Full text available from Research Library: 06/10/2010 to present

MARC

LEADER 00000nas a2200000 i 4500
001 ssj0001072249
003 WaSeSS
005 20200512172242.0
006 m d
007 cr n
008 131223c20uu9999mdud| n|s|||||| |0eng d
035 |a (WaSeSS)ssj0001072249 
040 |a WaSeSS  |b eng  |c WaSeSS  |d WaSeSS 
043 |a n-us--- 
050 1 4 |a HD2775 
245 0 0 |a Federal Trade Commission documents and publications  |h [electronic resource]. 
260 |a Greenbelt, Maryland :  |b Federal Information & News Dispatch 
310 |a Daily 
506 |a License restrictions may limit access. 
588 |a Description based on: June 10, 2010; title from title screen (ProQuest, viewed Dec. 18, 2013). 
588 |a Latest issue consulted: December 16, 2013 (viewed Dec. 18, 2013). 
610 1 0 |a United States.  |b Federal Trade Commission  |v Newspapers. 
650 0 |a Trade regulation  |z United States  |v Newspapers. 
655 0 |a Electronic journals. 
856 4 0 |z Full text available from Research Library: 06/10/2010 to present  |u https://search.proquest.com/publication/237718